Top 50 Baby Boy Names Beginning with L - Statistics

General Stats
  • This quiz has been taken 1,159 times
  • The average score is 23 of 50
Answer Stats
Hint Answer % Correct
6 Leo
90%
1 Liam
88%
15 Leon
86%
8 Luca
84%
24 Lucca
84%
14 Luka
84%
32 Leonard
82%
5 Luke
80%
2 Lucas
79%
16 Lukas
79%
26 Lewis
78%
18 Louis
78%
12 Luis
78%
45 Larry
72%
27 Lawrence
70%
10 Leonardo
67%
3 Logan
66%
4 Levi
60%
28 Landen
59%
30 Landyn
59%
9 Landon
58%
42 Lee
56%
7 Lincoln
44%
40 Lance
43%
20 Leonel
41%
33 Lionel
41%
46 London
40%
17 Lane
37%
34 Layne
37%
29 Layton
35%
39 Leighton
35%
48 Leroy
30%
21 Lawson
29%
13 Lorenzo
29%
43 Louie
27%
35 Lennon
25%
19 Lennox
22%
37 Lachlan
19%
25 Leland
19%
38 Lochlan
19%
22 Luciano
14%
11 Legend
13%
47 Leif
13%
49 Landry
11%
23 Leonidas
11%
44 Lian
9%
50 Lyric
7%
36 Langston
5%
31 Ledger
3%
41 Legacy
3%
No matching quizzes found
Score Distribution
Percent of People with Each Score
Percentile by Number Answered
Your Score History
You have not taken this quiz